| 000 | 00971nam a22002537a 4500 | ||
|---|---|---|---|
| 001 | 37860 | ||
| 003 | BD-RjUL | ||
| 005 | 20230620145134.0 | ||
| 008 | 150802s1981 bg ||||| |||| 00| 0 ben d | ||
| 035 | _a(BD-RjUL) | ||
| 040 |
_aBD-RjUL _beng _cBD-RjUL |
||
| 041 | _aben | ||
| 082 |
_223 _a891.443 _bCHK 1981 |
||
| 100 |
_aচট্রোপাধ্যায়, বঙ্কিমচন্দ্র _9117295 |
||
| 245 |
_aকৃষ্ণকান্তের উইল / _cবঙ্কিমচন্দ্র চট্রোপাধ্যায় |
||
| 250 | _aমুক্তধারা ২য় সং. | ||
| 260 |
_aঢাকা : _bমুক্তধারা, _c১৯৮১ |
||
| 300 |
_a১১২ পৃ. ; _c২১ সেমি. |
||
| 490 |
_aমুক্তধারা ; _v৬৪০ |
||
| 650 |
_aবাংল উপন্যাস _97930 |
||
| 650 | _aBengali Fiction | ||
| 830 |
_aমুক্তধারা ; _v৬৪০ _97931 |
||
| 942 |
_2ddc _cBK |
||
| 999 |
_c37860 _d37860 |
||